000 00890nam a22002417a 4500
999 _c9968
_d9968
003 AR-CdUCM
008 190329b ||||| |||| 00| 0 spa d
040 _aMUNICIPALIDAD PROVINCIAL DEL CUSCO
_cBIBLIOTECA MUNICIPAL DEL CUSCO
082 _a869.56 /
_bF66U / 1945
100 _aFlorian, Mario
_914609
245 _aUrpi (canciones neo-keshwas), Puna (poemas), Charango (romancero cholo) /
260 _aLima :
_bMinisterio de Educación Pública,
_c1945.
300 _a236 páginas ;
_bretrato, ilustraciones,
_c19 cm.
500 _aPoesía Peruana.
505 _aContenido: Poesía en la tierra -- Poemas agrestes -- Kaleidoscopio Titikaka -- Aguafuertes andinos.
650 _aPoemas, Yaravis
_925353
650 _aLiteratura
_983
650 _aSiglo XX
_98
700 _aRodrigo, Luis de
_925354
700 _aNieto, Luis (coautores)
_925355
942 _2ddc
_cLIBROS
945 _aachl